[Event "International Championship of Central S"]
[Site "Paracin"]
[Date "2012.07.10"]
[Round "6.2"]
[White "Stojanovski, Dejan"]
[Black "Vovk, Yuri"]
[Result "1/2-1/2"]
[WhiteElo "2430"]
[BlackElo "2584"]
[PlyCount "183"]
[EventDate "2012.??.??"]

1. e4 c5 2. Nf3 e6 3. Nc3 a6 4. d4 cxd4 5. Nxd4 Qc7 6. Bd3 Nf6 7. O-O Bc5 8.
Nb3 Ba7 9. Qf3 Nc6 10. Bf4 d6 11. a4 Ne5 12. Qe2 Ng6 13. Be3 Bxe3 14. Qxe3 b6
15. f4 O-O 16. a5 b5 17. Na2 e5 18. f5 Nf4 19. g3 Nxd3 20. cxd3 Qc2 21. Nd2
Qxb2 22. Rfb1 Qa3 23. Nb3 d5 24. Qc5 Qxc5+ 25. Nxc5 dxe4 26. dxe4 g6 27. fxg6
fxg6 28. Nb4 Bh3 29. Nbxa6 Ng4 30. Nb4 Rf2 31. Ra2 Raf8 32. Rxf2 Rxf2 33. Ncd3
Rg2+ 34. Kh1 Rxh2+ 35. Kg1 Rg2+ 36. Kh1 Rd2 37. Kg1 Bg2 38. Rb2 Rxb2 39. Nxb2
Bxe4 40. Nd1 Kf7 41. Nc3 Bf3 42. a6 Nf6 43. a7 Bb7 44. Nxb5 Ne8 45. Nd3 Kf6 46.
Nc5 Bc6 47. Nd7+ Kf5 48. Nb6 Kg4 49. Kf2 Nf6 50. Nc3 Kh3 51. a8=Q Ng4+ 52. Ke2
Bxa8 53. Nxa8 Kxg3 54. Ne4+ Kg2 55. Nb6 h5 56. Nc4 h4 57. Ng5 h3 58. Nxh3 Kxh3
59. Kf3 Kh4 60. Ke4 Kg5 61. Nd6 Kf6 62. Ne8+ Ke7 63. Nc7 Kf7 64. Nb5 Kf6 65.
Nc7 Nf2+ 66. Kf3 Nh3 67. Nd5+ Ke6 68. Ne3 Nf4 69. Kg4 Kf6 70. Kh4 e4 71. Ng4+
Kf7 72. Kg5 Ne6+ 73. Kh4 g5+ 74. Kg3 Kg6 75. Ne3 Kf6 76. Kg4 Ke5 77. Ng2 Kd4
78. Kf5 Nf4 79. Ne1 Nh3 80. Kg4 Ng1 81. Nc2+ Kc3 82. Ne3 Nf3 83. Nf5 Kd3 84.
Ng3 Kd4 85. Nf5+ Kd5 86. Ng3 Ke5 87. Nh5 Nd4 88. Kxg5 e3 89. Ng3 Nf3+ 90. Kg4
Ng1 91. Ne2 Nxe2 92. Kf3 1/2-1/2

[Event "International Championship of Central S"]
[Site "Paracin"]
[Date "2012.07.10"]
[Round "6.3"]
[White "Pap, Gyula"]
[Black "Martinovic, Slobodan"]
[Result "1/2-1/2"]
[WhiteElo "2566"]
[BlackElo "2447"]
[PlyCount "112"]
[EventDate "2012.??.??"]

1. d4 d5 2. c4 c6 3. Nf3 Nf6 4. Nc3 dxc4 5. a4 Bf5 6. e3 e6 7. Bxc4 Bb4 8. O-O
a5 9. Ne5 Nbd7 10. f4 O-O 11. Nd3 Be7 12. Nf2 Nb6 13. Ba2 Nbd5 14. Qf3 Bc2 15.
e4 Nb4 16. Be3 Nxa2 17. Rxa2 Bb3 18. Raa1 Nd7 19. f5 exf5 20. Qxf5 Nb6 21. Nd3
Nc4 22. Bf2 Nd2 23. Rfe1 Be6 24. Qf4 Nb3 25. Rad1 Nxd4 26. e5 Nf5 27. Nc5 Qc8
28. N3e4 Bxc5 29. Bxc5 Rd8 30. Nd6 Nxd6 31. exd6 Qd7 32. Re3 f6 33. Rde1 Re8
34. g4 Qf7 35. g5 fxg5 36. Qxg5 Bh3 37. Qg3 Rxe3 38. Bxe3 Bd7 39. Bd4 Re8 40.
Rxe8+ Bxe8 41. h4 c5 42. Bxc5 Bxa4 43. Qf2 Qg6+ 44. Qg2 Qb1+ 45. Kh2 Qf5 46.
Qg5 Qc2+ 47. Kg3 h6 48. Qd5+ Kh7 49. Kf4 Qh2+ 50. Ke3 Qg1+ 51. Kf4 Qh2+ 52. Ke3
Qh3+ 53. Kd2 Bd7 54. Qxb7 Qh2+ 55. Ke3 Bf5 56. Qd5 Qh3+ 1/2-1/2

[Event "International Championship of Central S"]
[Site "Paracin"]
[Date "2012.07.10"]
[Round "6.5"]
[White "Damljanovic, Branko"]
[Black "Indjic, Aleksandar"]
[Result "1/2-1/2"]
[WhiteElo "2564"]
[BlackElo "2451"]
[PlyCount "179"]
[EventDate "2012.??.??"]

1. d4 Nf6 2. c4 c5 3. d5 e6 4. Nc3 exd5 5. cxd5 d6 6. e4 g6 7. f4 Bg7 8. Bb5+
Nfd7 9. Bd3 O-O 10. Nf3 Nb6 11. O-O Bg4 12. Kh1 Na6 13. h3 Bxf3 14. Qxf3 c4 15.
Bc2 Rc8 16. a3 Nc5 17. Be3 Nd3 18. Rab1 Nc5 19. Qf2 Nbd7 20. Bd4 Bxd4 21. Qxd4
Re8 22. Rbe1 Qf6 23. Qd2 a6 24. e5 dxe5 25. fxe5 Qg7 26. e6 fxe6 27. Ne4 Nxe4
28. Bxe4 c3 29. bxc3 Qxc3 30. Qxc3 Rxc3 31. dxe6 Nb6 32. Bxb7 Re7 33. Bxa6 Rxa3
34. Bb5 Rb3 35. Bc6 Rc3 36. Be4 Kg7 37. Bb1 Nd5 38. Re5 Nf6 39. Kh2 Rc6 40. Ba2
Rd6 41. Re2 h6 42. Ref2 Rdxe6 43. Bxe6 Rxe6 44. Ra2 g5 45. Ra7+ Kg6 46. Rfa1
Rd6 47. R7a6 Rd7 48. Rf1 Rf7 49. Rc1 Re7 50. Rcc6 Rf7 51. Kg1 Kg7 52. Rcb6 Kg6
53. Kf2 Kg7 54. Ke2 Kg6 55. Ke3 Kg7 56. Kd4 Rd7+ 57. Rd6 Rf7 58. Rac6 Ng8 59.
Rg6+ Kh7 60. Rge6 Ne7 61. Ra6 Kg7 62. Ke4 Ng8 63. Ke5 Rb7 64. Rg6+ Kh7 65. Rgb6
Re7+ 66. Re6 Rb7 67. g3 Rf7 68. Ra8 Kg7 69. Raa6 Kh7 70. Rac6 Kg7 71. Rc3 Nf6
72. Rec6 Re7+ 73. Re6 Rf7 74. Re3 Ra7 75. Kd4 Rd7+ 76. Kc4 Kf7 77. Rc6 Kg7 78.
Kc5 Ng8 79. Rce6 Kf7 80. Rd6 Ra7 81. Kb6 Ra2 82. Rf3+ Kg7 83. Rd7+ Kg6 84. Rd8
Kg7 85. Rd6 Rb2+ 86. Kc7 Ra2 87. Re3 Ra7+ 88. Kb6 Rf7 89. Rc3 Nf6 90. Re6
1/2-1/2

[Event "International Championship of Central S"]
[Site "Paracin"]
[Date "2012.07.10"]
[Round "6.6"]
[White "Savic, Miodrag R"]
[Black "Bogosavljevic, Boban"]
[Result "0-1"]
[WhiteElo "2517"]
[BlackElo "2520"]
[PlyCount "119"]
[EventDate "2012.??.??"]

1. e4 e5 2. Nf3 d6 3. d4 exd4 4. Nxd4 Nf6 5. Nc3 Be7 6. g3 O-O 7. Bg2 Na6 8.
O-O Nc5 9. h3 Re8 10. Re1 Bf8 11. Nb3 Nxb3 12. axb3 Bd7 13. Be3 Bc6 14. Bd4 Nd7
15. Nd5 Bxd5 16. exd5 Be7 17. Qe2 a5 18. Qb5 b6 19. b4 Bf6 20. Rxe8+ Qxe8 21.
Bxf6 Nxf6 22. Qxe8+ Nxe8 23. Bf1 Nf6 24. Bb5 g5 25. Bc6 Ra7 26. Ra4 Kg7 27. Kg2
Ng8 28. Kf3 Ne7 29. Ke4 Kf6 30. Kd4 Nc8 31. b5 Ne7 32. Ra3 Ng6 33. c4 Ne5 34.
Ra4 h5 35. Ke4 g4 36. hxg4 hxg4 37. b3 Kg5 38. Kd4 Nf3+ 39. Kc3 Ne5 40. Kd4 Kf5
41. Ra1 Nf3+ 42. Kc3 Ke4 43. Ra4 Ke5 44. Ra2 Ng5 45. Kd3 Ne4 46. Ke3 a4 47.
bxa4 f5 48. Ra1 Nc5 49. f3 gxf3 50. Kxf3 Rxa4 51. Rh1 Ne4 52. Rh8 Ra3+ 53. Ke2
Nxg3+ 54. Ke1 f4 55. Bd7 f3 56. Bh3 Ne4 57. Kd1 Ra1+ 58. Kc2 Rh1 59. Re8+ Kd4
60. Bf5 0-1

[Event "International Championship of Central S"]
[Site "Paracin"]
[Date "2012.07.10"]
[Round "6.7"]
[White "Kadric, Denis"]
[Black "Kovacevic, Aleksandar"]
[Result "0-1"]
[WhiteElo "2420"]
[BlackElo "2537"]
[PlyCount "62"]
[EventDate "2012.??.??"]

1. e4 c5 2. Nf3 d6 3. d4 cxd4 4. Nxd4 Nf6 5. Nc3 a6 6. Bc4 e6 7. Bb3 Nbd7 8.
Bg5 Nc5 9. f4 Be7 10. Qf3 Qc7 11. f5 O-O 12. O-O b5 13. a3 Nxb3 14. cxb3 Bd7
15. Kh1 Rab8 16. Qh3 Rbe8 17. Rf4 Qc5 18. Rd1 exf5 19. Nxf5 Bxf5 20. Rxf5 Qc8
21. Rdf1 Qe6 22. R1f4 Bd8 23. Qh4 Nd7 24. Bxd8 Rxd8 25. Nd5 f6 26. Rh5 g5 27.
Rg4 Qf7 28. Rg3 Rde8 29. Qg4 Qxd5 30. h4 Qe6 31. Rxg5+ Kh8 0-1

[Event "International Championship of Central Se"]
[Site "Paracin, hotel "]
[Date "2012.07.10"]
[Round "6.8"]
[White "Miljkovic, Miroslav D"]
[Black "Kislik, Erik Andrew"]
[Result "0-1"]
[WhiteElo "2463"]
[BlackElo "2408"]
[PlyCount "42"]
[EventDate "2012.07.06"]

1. d4 Nf6 2. c4 g6 3. Nc3 d5 4. Nf3 Bg7 5. Bg5 dxc4 6. e3 c5 7. Bxc4 cxd4 8.
exd4 O-O 9. h3 a6 10. a4 b6 11. O-O Bb7 12. Re1 Qd6 13. Ne5 Nc6 14. Qb3 Nxd4
15. Bxf7+ Kh8 16. Qd1 Ne4 17. Nxe4 Qxe5 18. f4 Qf5 19. Bxe7 Bxe4 20. Bxf8 Rxf8
21. Bc4 Nc2 0-1

[Event "International Championship of Central Se"]
[Site "Paracin, hotel "]
[Date "2012.07.10"]
[Round "6.10"]
[White "Arsovic, Zoran"]
[Black "Kholopov, Alexander A"]
[Result "1-0"]
[WhiteElo "2443"]
[BlackElo "2289"]
[PlyCount "79"]
[EventDate "2012.07.06"]

1. Nf3 c5 2. c4 Nf6 3. Nc3 Nc6 4. e3 e5 5. d4 e4 6. Ne5 Bd6 7. Nxc6 dxc6 8. Be2
Qe7 9. Bd2 h5 10. Qc2 Bf5 11. h3 O-O-O 12. Na4 cxd4 13. exd4 Kb8 14. Be3 h4 15.
O-O-O Nh5 16. Bxh5 Rxh5 17. Nc3 Be6 18. c5 Bc7 19. Qxe4 Qf6 20. Rd2 a6 21. Rhd1
Qf5 22. Qxf5 Rxf5 23. d5 Bxd5 24. Nxd5 Rdxd5 25. Rxd5 cxd5 26. Kc2 Kc8 27. b4
Bf4 28. Bd4 Rg5 29. Re1 Kd7 30. a4 Rxg2 31. b5 axb5 32. axb5 f6 33. Kc3 Rh2 34.
Ra1 Rxh3+ 35. Kc2 Rh2 36. Ra7 Kc8 37. c6 bxc6 38. bxc6 Rg2 39. Bb6 Rg4 40. Re7
1-0

[Event "International Championship of Central Se"]
[Site "Paracin, hotel "]
[Date "2012.07.10"]
[Round "6.11"]
[White "Drenchev, Petar"]
[Black "Andrijevic, Milan"]
[Result "1-0"]
[WhiteElo "2506"]
[BlackElo "2345"]
[PlyCount "95"]
[EventDate "2012.07.06"]

1. d4 d5 2. c4 e6 3. Nf3 Nf6 4. Nc3 c5 5. cxd5 Nxd5 6. e4 Nxc3 7. bxc3 cxd4 8.
cxd4 Bb4+ 9. Bd2 Bxd2+ 10. Qxd2 O-O 11. Bc4 Nc6 12. O-O b6 13. Rad1 Na5 14. Bd3
Bb7 15. Rfe1 Qe7 16. d5 e5 17. Qb2 f6 18. Nd2 Rac8 19. Rc1 Rxc1 20. Rxc1 Rc8
21. Rc2 Rxc2 22. Qxc2 g6 23. g3 Qd6 24. Qc3 Kf7 25. h4 h5 26. Kf1 Qc5 27. Qxc5
bxc5 28. Bb5 f5 29. f3 a6 30. Bd3 f4 31. Kf2 Ke7 32. g4 Bc8 33. g5 Kd6 34. Bc4
Kc7 35. Ke1 Kb6 36. d6 Kc6 37. Bf7 Kxd6 38. Bxg6 Be6 39. a3 c4 40. Nb1 Nc6 41.
Bxh5 Nd4 42. Kd2 Ke7 43. Nc3 a5 44. Nd5+ Kf8 45. Kc3 Bh3 46. Kxc4 Bg2 47. Nxf4
Bf1+ 48. Kd5 1-0

[Event "International Championship of Central Se"]
[Site "Paracin, hotel "]
[Date "2012.07.10"]
[Round "6.12"]
[White "Lajthajm, Borko"]
[Black "Irizanin, Radoje"]
[Result "1/2-1/2"]
[WhiteElo "2492"]
[BlackElo "2344"]
[PlyCount "110"]
[EventDate "2012.07.06"]

1. d4 d5 2. c4 e6 3. Nc3 c6 4. Nf3 dxc4 5. a4 Bb4 6. Ne5 b5 7. e3 Nf6 8. Bd2 a5
9. axb5 Bxc3 10. Bxc3 cxb5 11. b3 Bb7 12. bxc4 b4 13. Bd2 O-O 14. f3 Nbd7 15.
Nxd7 Qxd7 16. Bd3 Bc6 17. O-O Rfb8 18. Qb1 Rb7 19. Rf2 Qd8 20. Be1 b3 21. Bc3
a4 22. Bb2 h6 23. Ba3 Ra5 24. Qb2 Rd7 25. Bf1 Qb6 26. Qc3 Ra8 27. Rd2 Qa5 28.
Bb4 Qg5 29. Kh1 Rc8 30. Qd3 Rcd8 31. Qe2 Rb7 32. Ba3 Rbd7 33. Bb2 Ra7 34. e4
Rda8 35. Ba3 Rb8 36. Rad1 Bd7 37. Qf2 Rab7 38. Rb2 Qa5 39. d5 exd5 40. exd5 Bf5
41. c5 Bc2 42. Rd2 Re8 43. d6 Rbb8 44. c6 Nd5 45. c7 Nxc7 46. dxc7 Qxc7 47. Bd6
a3 48. Bxa3 Qa5 49. Bc5 Qa1 50. Bd4 Rbd8 51. Kg1 Re1 52. Rdxc2 Rxf1+ 53. Qxf1
Qxf1+ 54. Kxf1 bxc2 55. Rxc2 Rxd4 1/2-1/2

[Event "International Championship of Central Se"]
[Site "Paracin, hotel "]
[Date "2012.07.10"]
[Round "6.13"]
[White "Popovic, Aleksandar M"]
[Black "Maksimovic, Branimir"]
[Result "0-1"]
[WhiteElo "2288"]
[BlackElo "2452"]
[PlyCount "58"]
[EventDate "2012.07.06"]

1. Nf3 Nf6 2. g3 b6 3. Bg2 Bb7 4. O-O c5 5. d3 e6 6. Nc3 Be7 7. e4 d5 8. e5
Nfd7 9. h4 Nc6 10. Bf4 a6 11. Qd2 h6 12. Rae1 Nf8 13. h5 b5 14. g4 Nh7 15. Bg3
Qd7 16. a4 b4 17. Ne2 Nf8 18. Bf4 O-O-O 19. c3 b3 20. c4 g5 21. hxg6 Nxg6 22.
Qe3 dxc4 23. dxc4 Nxf4 24. Nxf4 Rhg8 25. Rd1 Qxd1 26. Rxd1 Rxd1+ 27. Kh2 Rxg4
28. Qxb3 Rd8 29. Nd5 Rg7 0-1

[Event "International Championship of Central Se"]
[Site "Paracin, hotel "]
[Date "2012.07.10"]
[Round "6.14"]
[White "Skovgaard, Peter"]
[Black "Nestorovic, Nikola"]
[Result "0-1"]
[WhiteElo "2306"]
[BlackElo "2436"]
[PlyCount "110"]
[EventDate "2012.07.06"]

1. e4 e5 2. Nf3 Nc6 3. Bb5 a6 4. Ba4 Nge7 5. O-O g6 6. c3 Bg7 7. d4 exd4 8.
cxd4 b5 9. d5 Na5 10. Bc2 O-O 11. Nbd2 c5 12. Nb3 Nxb3 13. Bxb3 d6 14. Re1 Bg4
15. h3 Bxf3 16. Qxf3 Qd7 17. Qg3 c4 18. Bd1 f5 19. exf5 Nxf5 20. Bg4 Rae8 21.
Bd2 Bxb2 22. Rxe8 Qxe8 23. Bxf5 Rxf5 24. Re1 Re5 25. Rxe5 Qxe5 26. Qg4 Qf5 27.
Qe2 Kf7 28. Bg5 Qxg5 29. Qxb2 Qxd5 30. Qh8 h5 31. Qh7+ Kf6 32. Qh8+ Ke7 33.
Qg7+ Qf7 34. Qd4 Qf5 35. Qg7+ Kd8 36. Qd4 Qb1+ 37. Kh2 Qd3 38. Qb6+ Kd7 39.
Qxa6 c3 40. a4 c2 41. Qb7+ Ke6 42. Qc8+ Ke5 43. axb5 Qd2 44. Qh8+ Kd5 45. Qa8+
Kc5 46. Qa3+ Kd5 47. Qb3+ Kc5 48. Qa3+ Kd5 49. Qa8+ Kc5 50. Qa3+ Qb4 51. Qe3+
Qd4 52. Qa3+ Kc4 53. Qc1 Qxf2 54. Qg5 Qe1 55. Qf4+ Kxb5 0-1

[Event "International Championship of Central Se"]
[Site "Paracin, hotel "]
[Date "2012.07.10"]
[Round "6.15"]
[White "Selbes, Tarik"]
[Black "Zlatanovic, Boroljub"]
[Result "1/2-1/2"]
[WhiteElo "2257"]
[BlackElo "2428"]
[PlyCount "109"]
[EventDate "2012.07.06"]

1. e4 e6 2. Qe2 Ne7 3. Nf3 d5 4. d3 b6 5. e5 c5 6. g3 d4 7. Bg2 Bb7 8. O-O h6
9. h4 Qc7 10. Re1 Nd7 11. c4 dxc3 12. bxc3 c4 13. d4 Nd5 14. a4 a6 15. Nfd2 b5
16. Ne4 Be7 17. Ba3 O-O 18. Bxe7 Nxe7 19. Na3 Bc6 20. axb5 axb5 21. Nd6 Ra5 22.
Reb1 Bxg2 23. Kxg2 Qc6+ 24. Qf3 Nd5 25. Naxb5 Rxa1 26. Rxa1 f6 27. exf6 N7xf6
28. Kg1 Rd8 29. Qe2 Rxd6 30. Nxd6 Qxd6 31. Ra8+ Kf7 32. Qxc4 Qb6 33. Qd3 Qc7
34. c4 Nb6 35. Ra2 Nbd7 36. Ra6 Nb8 37. Ra4 Nc6 38. h5 Qd8 39. Ra6 Ne5 40. Ra7+
Kg8 41. Qe2 Qxd4 42. Ra5 Ne4 43. Kg2 Nxc4 44. Ra8+ Kh7 45. Rd8 Ncd6 46. Qc2 Qc4
47. Qb1 Qb5 48. Qc2 Qf5 49. Qe2 Nf7 50. Rf8 Ned6 51. g4 Qd5+ 52. f3 Qb3 53.
Rxf7 Nxf7 54. Qe4+ Kg8 55. Qa8+ 1/2-1/2

[Event "International Championship of Central Se"]
[Site "Paracin, hotel "]
[Date "2012.07.10"]
[Round "6.16"]
[White "Nestorovic, Dejan"]
[Black "Ardeleanu, Alin"]
[Result "1-0"]
[WhiteElo "2404"]
[BlackElo "2335"]
[PlyCount "67"]
[EventDate "2012.07.06"]

1. d4 Nf6 2. c4 g6 3. Nc3 Bg7 4. e4 O-O 5. Be2 d6 6. Bg5 c5 7. d5 b5 8. cxb5 a6
9. Qd2 Qa5 10. f3 Re8 11. bxa6 Bxa6 12. Bxa6 Nxa6 13. Nge2 Nd7 14. O-O Rab8 15.
Rab1 Ne5 16. b3 Nc7 17. f4 Nd7 18. e5 Nb5 19. a4 Nxc3 20. Qxc3 Rb4 21. Qh3 Nb6
22. f5 Qa8 23. fxg6 fxg6 24. Bd2 Re4 25. Ng3 Rxe5 26. Bc3 Qxd5 27. a5 Na8 28.
Qd7 Rb8 29. Bxe5 Qxe5 30. Rbe1 Qd4+ 31. Kh1 Bf6 32. Ne4 Rf8 33. Nxf6+ exf6 34.
Re8 1-0

[Event "International Championship of Central Se"]
[Site "Paracin, hotel "]
[Date "2012.07.10"]
[Round "6.17"]
[White "Matsenko, Andrei"]
[Black "Martic, Ivan"]
[Result "0-1"]
[WhiteElo "2163"]
[BlackElo "2402"]
[PlyCount "80"]
[EventDate "2012.07.06"]

1. e4 c5 2. Nf3 d6 3. d4 cxd4 4. Nxd4 Nf6 5. Nc3 Nc6 6. Bg5 e6 7. Qd2 a6 8.
O-O-O Bd7 9. f4 b5 10. Bxf6 gxf6 11. Kb1 Qb6 12. Nxc6 Bxc6 13. Qe1 Ra7 14. Bd3
h5 15. Qh4 Bg7 16. Ne2 b4 17. Ng3 f5 18. e5 Bxg2 19. Rhg1 Bf3 20. Be2 Bxe2 21.
Nxe2 Bf8 22. exd6 Rd7 23. Ng3 Qd8 24. Qh3 Rxd6 25. Rxd6 Qxd6 26. Nxh5 Qd4 27.
Re1 Rxh5 28. Qxh5 Bg7 29. c3 Qd3+ 30. Kc1 bxc3 31. bxc3 Qxc3+ 32. Kd1 Qd3+ 33.
Kc1 Qc3+ 34. Kd1 Qd3+ 35. Kc1 Bf8 36. Rxe6+ Kd8 37. Qh8 Qa3+ 38. Kb1 fxe6 39.
h4 Qb4+ 40. Kc2 Qe4+ 0-1

[Event "International Championship of Central Se"]
[Site "Paracin, hotel "]
[Date "2012.07.10"]
[Round "6.19"]
[White "Chandra, Akshat"]
[Black "Nestorovic, Lazar"]
[Result "0-1"]
[WhiteElo "2179"]
[BlackElo "2381"]
[PlyCount "56"]
[EventDate "2012.07.06"]

1. e4 g6 2. d4 d6 3. Nc3 a6 4. f4 b5 5. Nf3 Bb7 6. Bd3 Bg7 7. Be3 Nf6 8. e5 Ng4
9. Bg1 c5 10. dxc5 dxe5 11. h3 Nh6 12. fxe5 Nc6 13. Qe2 Nf5 14. Ne4 Nxe5 15.
Nxe5 Bxe5 16. O-O-O O-O 17. Kb1 Qa5 18. g4 Bd5 19. gxf5 Qxa2+ 20. Kc1 Qxb2+ 21.
Kd2 gxf5 22. Qg2+ Kh8 23. Ke2 fxe4 24. Bxe4 Rg8 25. Qf3 Bc4+ 26. Bd3 Rad8 27.
Ke1 Bc3+ 28. Kf1 Qxc2 0-1

[Event "International Championship of Central Se"]
[Site "Paracin, hotel "]
[Date "2012.07.10"]
[Round "6.20"]
[White "Dimitrijevic, Radmilo"]
[Black "Del Rio De Angelis, Salvador G"]
[Result "1/2-1/2"]
[WhiteElo "2236"]
[BlackElo "2547"]
[PlyCount "43"]
[EventDate "2012.07.06"]

1. e4 d6 2. d4 Nf6 3. Nc3 g6 4. Nf3 Bg7 5. Bc4 O-O 6. Qe2 c6 7. e5 dxe5 8. dxe5
Nd5 9. Bd2 Bg4 10. O-O-O Nd7 11. Nxd5 cxd5 12. Bxd5 Nxe5 13. Bc3 Bxf3 14. Bxf3
Qc7 15. Bd5 e6 16. Rhe1 Nd7 17. Bxg7 Kxg7 18. Bf3 Rad8 19. Qe3 b6 20. h4 h6 21.
g3 Nf6 22. Kb1 1/2-1/2

[Event "International Championship of Central Se"]
[Site "Paracin, hotel "]
[Date "2012.07.10"]
[Round "6.21"]
[White "Cabarkapa, Novak"]
[Black "Abramovic, Bosko"]
[Result "1/2-1/2"]
[WhiteElo "2254"]
[BlackElo "2470"]
[PlyCount "40"]
[EventDate "2012.07.06"]

1. e4 e5 2. Nf3 Nc6 3. Bb5 a6 4. Ba4 Nf6 5. O-O Be7 6. Bxc6 dxc6 7. d3 Nd7 8.
Nbd2 O-O 9. Nc4 f6 10. Nh4 Nc5 11. Nf5 Rf7 12. f4 Be6 13. Nce3 exf4 14. Rxf4
Bf8 15. Rf1 Qd7 16. Qf3 Re8 17. b3 Bxf5 18. Nxf5 Ne6 19. Bb2 Bc5+ 20. Kh1 Kh8
1/2-1/2

[Event "International Championship of Central Se"]
[Site "Paracin, hotel "]
[Date "2012.07.10"]
[Round "6.22"]
[White "Tosic, Srecko"]
[Black "Rubil, Marko"]
[Result "1-0"]
[WhiteElo "2367"]
[BlackElo "2205"]
[PlyCount "91"]
[EventDate "2012.07.06"]

1. e4 e5 2. Nf3 Nc6 3. Bb5 a6 4. Bxc6 dxc6 5. O-O Bg4 6. h3 h5 7. d3 Qf6 8. Be3
Bxf3 9. Qxf3 Qxf3 10. gxf3 Ne7 11. Nd2 g5 12. Rfd1 f6 13. Kf1 Ng6 14. Nb3 O-O-O
15. c3 Be7 16. d4 Rhf8 17. Ke2 f5 18. dxe5 fxe4 19. fxe4 Nf4+ 20. Bxf4 Rxf4 21.
f3 g4 22. Rxd8+ Bxd8 23. hxg4 hxg4 24. fxg4 Rxe4+ 25. Kf3 Rxe5 26. Rh1 Rb5 27.
Rh5 Kd7 28. Nc5+ Ke7 29. b4 a5 30. a3 axb4 31. axb4 Kf7 32. Rh7+ Kg6 33. Rd7
Bf6 34. Ne4 Be5 35. Re7 Rd5 36. c4 Rd3+ 37. Ke2 Rd4 38. Rxe5 Rxc4 39. Re7 Rxb4
40. Kf3 Rc4 41. Rxc7 b5 42. Kf4 b4 43. Rb7 c5 44. Rb6+ Kg7 45. Rb5 Rc2 46. Nxc5
1-0

[Event "International Championship of Central Se"]
[Site "Paracin, hotel "]
[Date "2012.07.10"]
[Round "6.23"]
[White "Martic, Zlatko"]
[Black "Marjanovic, Dejan"]
[Result "0-1"]
[WhiteElo "2356"]
[BlackElo "2169"]
[PlyCount "106"]
[EventDate "2012.07.06"]

1. d4 Nf6 2. c4 e6 3. Nc3 Bb4 4. Nf3 b6 5. e3 Bb7 6. Be2 Ne4 7. Qc2 f5 8. O-O
Bxc3 9. bxc3 d6 10. Nd2 Nxd2 11. Bxd2 O-O 12. f3 Nd7 13. Bd3 Qe7 14. Rae1 Nf6
15. Re2 Rae8 16. Qa4 Qd7 17. Qb3 Kh8 18. Qb1 Bc8 19. e4 fxe4 20. fxe4 e5 21.
Ref2 Re7 22. h3 Ref7 23. Be2 Bb7 24. d5 Qe8 25. Qd3 Ng8 26. Bg4 Rxf2 27. Rxf2
Rxf2 28. Kxf2 Bc8 29. Bxc8 Qxc8 30. Bg5 h6 31. Bh4 g5 32. Bg3 Kg7 33. Kg1 Nf6
34. Qe2 Qd7 35. Be1 Qf7 36. c5 Qg6 37. cxd6 cxd6 38. Qa6 Qxe4 39. Qxa7+ Kg6 40.
Bf2 b5 41. Qe7 Qxd5 42. Bb6 Qxa2 43. Bd8 Ne4 44. Qe8+ Qf7 45. Qxb5 Qf2+ 46. Kh2
Qf4+ 47. Kg1 Qc1+ 48. Kh2 Qf4+ 49. Kg1 Qe3+ 50. Kh2 Kh5 51. Qe8+ Kh4 52. Qg6
Qf4+ 53. Kh1 Ng3+ 0-1

[Event "International Championship of Central Se"]
[Site "Paracin, hotel "]
[Date "2012.07.10"]
[Round "6.24"]
[White "Ratkovic, Miloje"]
[Black "Brankovic, Dejan"]
[Result "1/2-1/2"]
[WhiteElo "2176"]
[BlackElo "2349"]
[PlyCount "39"]
[EventDate "2012.07.06"]

1. d4 Nf6 2. Nf3 e6 3. e3 b6 4. Bd3 c5 5. Nbd2 Ba6 6. Bxa6 Nxa6 7. O-O cxd4 8.
Nxd4 Bc5 9. Qe2 Nc7 10. N2f3 d5 11. Rd1 O-O 12. c4 Ne4 13. cxd5 Qxd5 14. Nb5
Qc6 15. Nxc7 Qxc7 16. Nd2 Nf6 17. b3 Bd6 18. Nf3 Rad8 19. Bb2 Nd5 20. Rac1
1/2-1/2

[Event "International Championship of Central Se"]
[Site "Paracin, hotel "]
[Date "2012.07.10"]
[Round "6.25"]
[White "Nenezic, Marko"]
[Black "Kacakovski, Dimitar"]
[Result "0-1"]
[WhiteElo "2346"]
[BlackElo "2122"]
[PlyCount "84"]
[EventDate "2012.07.06"]

1. Nf3 d5 2. d4 c5 3. c4 e6 4. cxd5 exd5 5. g3 Nc6 6. Bg2 Nf6 7. O-O Be7 8. Nc3
O-O 9. dxc5 Bxc5 10. Na4 Be7 11. Be3 Bg4 12. Rc1 Re8 13. a3 Ne4 14. Nd4 Nxd4
15. Bxd4 Ng5 16. Nc3 Bf6 17. f3 Nh3+ 18. Kh1 Be6 19. f4 Bg4 20. Bf3 h5 21. Qd2
Bxd4 22. Qxd4 Rc8 23. Rcd1 Qa5 24. Qxd5 Qb6 25. Ne4 Rc2 26. Rd2 Qxb2 27. Rxc2
Qxc2 28. Nd6 Rxe2 29. Bxe2 Qxe2 30. Qg2 Qd3 31. Nxb7 Be2 32. Nc5 Qc4 33. Qxh3
Qxc5 34. Qg2 Bxf1 35. Qxf1 Qxa3 36. Qe2 g6 37. f5 Qc1+ 38. Kg2 Qc6+ 39. Kh3 Qd7
40. Kg2 Qxf5 41. Qa6 Qd5+ 42. Kh3 Qe6+ 0-1

[Event "International Championship of Central Se"]
[Site "Paracin, hotel "]
[Date "2012.07.10"]
[Round "6.26"]
[White "Blazeka, Matej"]
[Black "Doric, Nenad"]
[Result "1/2-1/2"]
[WhiteElo "2216"]
[BlackElo "2330"]
[PlyCount "41"]
[EventDate "2012.07.06"]

1. e4 e5 2. Nf3 Nc6 3. Bb5 a6 4. Ba4 Nf6 5. O-O Be7 6. Re1 b5 7. Bb3 d6 8. c3
O-O 9. h3 Na5 10. Bc2 c5 11. d4 Qc7 12. Nbd2 cxd4 13. cxd4 Nc6 14. Nb3 a5 15.
Be3 a4 16. Nbd2 Bd7 17. Rc1 Qb7 18. Qe2 Rfe8 19. dxe5 Nxe5 20. Nxe5 dxe5 21.
Bd3 1/2-1/2

[Event "International Championship of Central Se"]
[Site "Paracin, hotel "]
[Date "2012.07.10"]
[Round "6.28"]
[White "Gevorgyan, Maria"]
[Black "Nikolic, Dragovan"]
[Result "1-0"]
[WhiteElo "2040"]
[BlackElo "2261"]
[PlyCount "41"]
[EventDate "2012.07.06"]

1. e4 c5 2. Nc3 g6 3. d4 cxd4 4. Qxd4 Nf6 5. Bf4 Nc6 6. Qd2 Qa5 7. Nf3 d6 8. h3
Bg7 9. Bc4 O-O 10. O-O Qc5 11. Bd3 d5 12. e5 Nh5 13. Bh2 Nxe5 14. Nxe5 Bxe5 15.
Bxe5 d4 16. Rfe1 dxc3 17. Bxc3 Be6 18. Re5 Qd6 19. Rxh5 f5 20. Qh6 Rf7 21.
Qxg6+ 1-0

[Event "International Championship of Central Se"]
[Site "Paracin, hotel "]
[Date "2012.07.10"]
[Round "6.29"]
[White "Smirnov, Boris"]
[Black "Livaja, Mario"]
[Result "1/2-1/2"]
[WhiteElo "2143"]
[BlackElo "2277"]
[PlyCount "103"]
[EventDate "2012.07.06"]

1. Nf3 Nf6 2. c4 d6 3. g3 g6 4. Bg2 Bg7 5. O-O O-O 6. Nc3 e5 7. d4 Nc6 8. dxe5
Nxe5 9. Nxe5 dxe5 10. Be3 c6 11. Qa4 Be6 12. Bc5 Re8 13. Rfd1 Nd7 14. Qa3 Bxc4
15. Ne4 Bxe2 16. Rd2 Bg4 17. h3 Be6 18. Rad1 Qc7 19. Bd6 Qb6 20. Ng5 h6 21.
Nxe6 Rxe6 22. Be7 Nf6 23. Rd8+ Rxd8 24. Bxd8 Bf8 25. Qf3 e4 26. Qc3 Bb4 27. Qc1
Qc5 28. Qxh6 Nd5 29. a3 Qf8 30. Qg5 Be7 31. Bxe7 Qxe7 32. h4 f5 33. Qh6 Qg7 34.
Qc1 Qe5 35. b4 f4 36. gxf4 Nxf4 37. Rd8+ Kf7 38. Rd7+ Ke8 39. Qd1 Re7 40. Rxe7+
Kxe7 41. Qe1 Nxg2 42. Kxg2 Qf4 43. Qc3 Qf3+ 44. Qxf3 exf3+ 45. Kxf3 b6 46. Ke4
Ke6 47. a4 c5 48. bxc5 bxc5 49. a5 Kd6 50. a6 Ke6 51. f4 c4 52. Kd4 1/2-1/2

[Event "International Championship of Central Se"]
[Site "Paracin, hotel "]
[Date "2012.07.10"]
[Round "6.30"]
[White "Miladinovic, Lena"]
[Black "Mladenovic, Stefan"]
[Result "1/2-1/2"]
[WhiteElo "2078"]
[BlackElo "2236"]
[PlyCount "50"]
[EventDate "2012.07.06"]

1. d4 Nf6 2. Nf3 e6 3. e3 b6 4. Bd3 Bb7 5. O-O Be7 6. c4 O-O 7. Nc3 d5 8. cxd5
exd5 9. b3 Re8 10. Bb2 a6 11. Rc1 Bd6 12. Qc2 Ne4 13. Ne2 Qf6 14. Ne5 Qh6 15.
Ng3 Nxg3 16. hxg3 f6 17. Nf3 Nc6 18. a3 Ne7 19. Rfd1 Ng6 20. Kf1 Qh1+ 21. Ng1
a5 22. Qe2 c5 23. Qg4 Bc8 24. Bf5 Ba6+ 25. Bd3 Bxd3+ 1/2-1/2